000 00320nam a2200133Ia 4500
005 20260328104306.0
008 260328s9999||||xx |||||||||||||| ||und||
100 _aLivingston, Rodolfo
245 0 _aCirugĂ­a de Casas /
_cRodolfo Livingston
260 _bNobuko
300 _a189 p.
650 _aHISTORIA
942 _cBK
999 _c10768
_d10768